000 00348 a2200169 4500
001 190071
020 _a978-85-2628-462-3
040 _cMagnum
100 _aLuz, Antônio Máximo Ribeiro da
240 1 0 _aFísica 2
_lpor
245 1 0 _aFísica 2
300 _a368
362 0 _a2011
440 1 _aScipione
697 _aFÍSICA
942 _cBK
999 _c190071
_d190071